000 01521njm a22003137a 4500
005 20100915101217.0
007 sd ammalaaahaa
008 100915t xxu||||| |||| 00| 0 hin d
028 _a7EPE 7260
_bHis Master's Voice
035 _aGR-02617
040 _aSED/VEN
100 _aKishore Kumar
_91184
245 _aGinny aur johnny /
_cby Kishore Kumar & Vijayata Pandit ; music by Rajesh Roshan ; Lyric by Majrooh
_h[sound recording] :
246 _aगिन्नी और जोनी (किशोरे कुमार )
260 _aDum Dum India
_bHis Master's Voice
_c1976
300 _a1 sound disc [Gramophone record] :
_banalog, 45 3/1 rpm
_c7 in.
_fGramophone Record
500 _aBrief Record
500 _aHis Master's Voice
500 _aOrange
500 _aExtended Play
505 _aJohnny ko main ne to jana hai aaj part 1 (Ginny aur Johnny) (Kishore Kumar) जोंनीको मैं ने तो जाना है आज पार्ट 1(गिन्नी और जोनी ) Sun ginnya part 2 (Ginny aur Johnny) (Kishore Kumar) सुन जिन्न्या पार्ट २ (किशोरे कुमार ) (गिन्नी और जोनी )
650 _2Classical Music
_xExcerpts
_zIndia
_920098
_vFilmi Song
700 _aPandit, Vijayata
_920099
700 _920100
_aRajesh Roshan
700 _920126
_aMajrooh
700 _920127
942 _2ddc
_cGR
999 _c45986
_d45986